Southville International School and Colleges
Your cart is empty.
  • Cart
  • Lists
    Public lists Eva Luna New books Lux_list list_1
    Your lists Log in to create your own lists
  • Log in to your account
  • Your cookies
  • Search history
Southville International School and Colleges
  • Advanced search
  • Recent comments
  • Most popular
  • Libraries

Log in to your account

Log in with GOOGLE


If you do not have an external account, but do have a local account, you can still log in:

  1. Home
  2. MARC view: Essentials of pediatric nursing /
Normal view MARC view ISBD view

Essentials of pediatric nursing / (Record no. 367489)

[ view plain ]
MARC details
000 -LEADER
fixed length control field 00649nam a22002057a 4500
003 - CONTROL NUMBER IDENTIFIER
control field 0
005 - DATE AND TIME OF LATEST TRANSACTION
control field 20250809130634.0
008 - FIXED-LENGTH DATA ELEMENTS--GENERAL INFORMATION
fixed length control field 250809b xxu||||| |||| 00| 0 eng d
020 ## - INTERNATIONAL STANDARD BOOK NUMBER
International Standard Book Number 978-1-975236-15-1
050 ## - LIBRARY OF CONGRESS CALL NUMBER
Classification number RJ 245
Item number .K95 2025
100 ## - MAIN ENTRY--PERSONAL NAME
Personal name Kyle, Terri,
Relator term author.
245 ## - TITLE STATEMENT
Title Essentials of pediatric nursing /
Statement of responsibility, etc Terri Kyle and Susan Carman.
250 ## - EDITION STATEMENT
Edition statement 5th ed.
260 ## - PUBLICATION, DISTRIBUTION, ETC. (IMPRINT)
Place of publication, distribution, etc Philadelphia :
Name of publisher, distributor, etc Wolters Kluwer ,
Date of publication, distribution, etc 2025.
300 ## - PHYSICAL DESCRIPTION
Extent xxii, 1091 pages :
Other physical details colored illustrations ;
Dimensions 28 cm.
504 ## - BIBLIOGRAPHY, ETC. NOTE
Bibliography, etc Includes bibliographical references and index.
650 ## - SUBJECT ADDED ENTRY--TOPICAL TERM
Topical term or geographic name as entry element Pediatric nursing.
700 ## - ADDED ENTRY--PERSONAL NAME
Personal name Carman, Susan,
Relator term author.
942 ## - ADDED ENTRY ELEMENTS (KOHA)
Source of classification or shelving scheme Library of Congress Classification
Koha item type Books
Holdings
Withdrawn status Lost status Source of classification or shelving scheme Damaged status Home library Current library Shelving location Date acquired Source of acquisition Sub Shelving location Total Checkouts Full call number Barcode Date last seen Price effective from Koha item type
    Library of Congress Classification   College Library College Library Reserve Section 06/04/2025 Library Fund     RJ 245 .K95 2025 C24635 08/09/2025 08/09/2025 Books

Essentials of pediatric nursing /

APA

Kyle T., Carman S., . (2025). Essentials of pediatric nursing. Philadelphia: Wolters Kluwer.

Chicago

Kyle Terri, Carman Susan, . 2025. Essentials of pediatric nursing. Philadelphia: Wolters Kluwer.

Harvard

Kyle T., Carman S., . (2025). Essentials of pediatric nursing. Philadelphia: Wolters Kluwer.

MLA

Kyle Terri, Carman Susan, . Essentials of pediatric nursing. Philadelphia: Wolters Kluwer. 2025.

  • Place hold
  • Print
  • Cite
  • Add to your cart (remove)
  • Save record
    BIBTEX Dublin Core MARCXML MARC (non-Unicode/MARC-8) MARC (Unicode/UTF-8) MARC (Unicode/UTF-8, Standard) MODS (XML) RIS
  • More searches
    Search for this title in:
    Other Libraries (WorldCat) Other Databases (Google Scholar) Online Stores (Bookfinder.com) Open Library (openlibrary.org)

Exporting to Dublin Core...

SOUTHVILLE LIBRARY

Southville International School and Colleges Library

1281 Tropical Ave. Cor. Luxembourg St., BF Homes International, Las Pinas City

Tel. No. 8256374 / 252358 Loc. 117/146

Powered by Koha